000 00637nam a22002297a 4500
003 UA-OsUOA
001 53025
007 ta
008 20080312b un ||||| |||| 00| 0 ukr d
100 _aСидоренко Е.
090 _a159.9.01
_bС31
942 _cBK
040 _aUA-OsUOA
_cUA-OsUOA
_dUA-OsUOA
245 _aМетоды математической обработки в психологии
_bУчебное пособие
300 _a350 с.
955 _a2
080 _a159.9.01
020 _a5-9268-0010-2
260 _aСПб
_bРечь
_c2007
650 7 _a159.9 Психологія
_2UDC
999 _c339106
_d339106